01009 2200313 4500001002100000005001500021035002000036007000300056008004100059020002200100040002200122082002200144084002400166090002200190100004200212245011200254250003100366300005300397650002600450850001200476264003200488336002100520337003000541338002300571999002200594504002800616700002900644990002200673INLIS00000000087206020220822023152 a0010-0822000665ta220822s2022 yoia g 0 ind d a978-623-02-4876-4 aYOPDYOGbinderda04223a659.095985222 a659.095985222 MOS m aCB-D.11 2022-07460 aMosalam Latuconsinad1965-epengarang10aMenyusun strategi pengembangan hortikultura di Kota Ambon /cMosalam Latuconsina; penyunting, Ahmad Khanafi aCetakan pertama: Juli 2022 ax, 78 halaman :btabel, gambar, diagram ;c25 cm 4aHortikultura--zAmbon aYOPDYOG31aSleman :bDeepublish,c2022 2rdacontentateks 2rdamediaatanpa perantara 2rdacarrieravolume aCB-D.11/2022-0746 aBibliografi: halaman 640 aAhmad Khanafiepengarang aCB-D.11/2022-0746